MARC

LEADER 00000nam0a2200000 4500
001 188801
005 20231101224148.0
020 |a RU  |b 80-23361 
035 |a (RuTPU)RU\TPU\book\205084 
090 |a 188801 
100 |a 20101215d1980 km a0rusy5003 ca 
101 0 |a rus 
102 |a LV 
105 |a a z 001zy 
200 1 |a Математическое описание процессов кристаллизации  |f Н. А. Авдонин  |g Латвийский государственный университет им. Петра Стучки 
210 |a Рига  |c Зинатне  |d 1980 
215 |a 178 с.  |c граф.  |d 20 см. 
606 |a Кристаллизация  |x Математические исследования  |2 stltpush  |3 (RuTPU)RU\TPU\subj\16299  |9 42425 
610 1 |a математические исследования 
610 1 |a задачи Стефана 
610 1 |a обобщенное решение 
610 1 |a построение 
610 1 |a численное решение 
675 |a 548.5  |z rus 
700 1 |a Авдонин  |b Н. А.  |g Николай Алексеевич  |4 070 
712 0 2 |a Латвийский государственный университет им. Петра Стучки  |2 stltpush  |3 (RuTPU)RU\TPU\col\7102  |9 24292 
801 0 |a RU  |b RuMRKP  |c 19950704  |g psbo 
801 1 |a RU  |b 63413507  |c 20101215 
801 2 |a RU  |b 63413507  |c 20170621  |g RCR 
942 |c BK